Fictional Worlds & Planets - Statistics

General Stats
  • This quiz has been taken 106 times
    15 since last reset
  • The average score is 15 of 30
Answer Stats
Hint Answer % Correct
The homeworld of Superman and Supergirl Krypton
100%
A fictional island, home to Peter Pan Neverland
100%
Fictional universe centred on the Harry Potter novel series The Wizarding World
100%
Fantasy land full of magical creatures, accessible by walking through an English wardrobe Narnia
92%
Home planet of Anakin and Luke Skywalker Tatooine
92%
The setting for The Lord of the Rings and The Hobbit Middle-earth
85%
An underground realm accessed through a rabbit hole Wonderland
85%
The arid, logically driven homeworld of Mr. Spock Vulcan
77%
Dystopia where the Hunger Games universe is set Panem
69%
The continent in which most of the A Song of Ice and Fire series takes place Westeros
62%
Fictional desert planet featured in the Dune series Arrakis
54%
Home planet of the Transformers Cybertron
54%
Swamp-covered planet and the home to Yoda during his final years Dagobah
54%
Earth-like habitable extrasolar moon in Avatar universe Pandora
54%
A city-covered planet and capital of the galaxy in Star Wars Coruscant
46%
The home world of He-Man and the Masters of the Universe Eternia
46%
Totalitarian patriarchal theocracy in The Handmaid's Tale Gilead
46%
A magical country in which 14 Baum children's novels are set Land of Oz
46%
Homeworld of the Vogons in Hitchhiker's Guide to the Galaxy Vogsphere
46%
The dread planet that featured in both Alien films LV-426
38%
Planet where the serials of Flash Gordon takes place Mongo
38%
Home planet of the Klingon people in the Star Trek universe Qo’noS
31%
Primary setting of the Warcraft franchise Azeroth
23%
The setting for the She-Ra: Princess of Power series Etheria
23%
The home planet of Doctor Who Gallifrey
23%
The setting of the Avatar: The Last Airbender franchise The Four Nations
23%
The homeworld of ALF Melmac
15%
The main planet of the Twelve Colonies in Battlestar Galactica Caprica
8%
Supercontinent and setting for Conan the Barbarian stories Hyboria
8%
A rocky planet that the central setting for most of the Thundercats franchise Third Earth
0%
No matching quizzes found
Score Distribution
Percent of People with Each Score
Percentile by Number Answered
Your Score History
You have not taken this quiz since the last reset